00719nam a2200241 a 4500001001300000003000900013005001700022008004100039020001000080082001600090100002100106245006600127260004000193300000900233500003500242505001000277650002200287700002100309902000800330942000700338952011700345999001500462nice12345678IN_TiNIC20260116012459.0050524s1990 leia grp 000 0 eng  ac10000a297.63bBAS aBashier, Zakaria aSunshine at Madinab Studies in the Life of Prophet Mohammad. aLeicesterbIslamic Foundationc1990 a232p aincludes index and biblioraphy2 aIndex aMuhammad, Prophet1 aBashier, Zakaria bSRS cBK 001040708StackRoom-aHMIbHMId2007-07-09g100.00l0o297.63 BASp014058r2007-07-09v100.00w2005-05-24yBK c7173d7173